Cliquez pour traduire - Créole haïtien - Statistiques

Statistiques générales
  • Ce quiz a été pris 107 fois
  • Le résultat moyen est 17 sur 20
Statistiques - réponses
Hint Réponse % Correct
Bientôt Byento
95%
Chanter Chante
94%
Citron Sitwon
94%
Île Zile
94%
Nous Nou
93%
Viande Vyann
93%
Avant Anvan
92%
Demain Demen
92%
Dix Dis
92%
Dormir Dòmi
92%
Mais Men
89%
Lune Lalin
88%
Pourquoi Poukisa
87%
Rose Woz
87%
Août Out
86%
Oiseau Zwazo
84%
Au revoir Orevwa
78%
Oreille Zòrèy
72%
Arbre Pye bwa
59%
Lit Kabann
52%
Aucun quiz correspondant
Distribution des résultats
% des personnes avec chaque résultat
Percentile par nombre de réponses
Votre historique - résultats
Vous n’avez pas pris ce quiz